La plus grosse vente de chaque club de Ligue 1 - Statistiques

Statistiques générales
  • Ce quiz a été pris 77 fois
    56 depuis la dernière actualisation
  • Le résultat moyen est 6 sur 18
Statistiques - réponses
Saison Prix Club Joueur % Correct
2022-23 180 AS Monaco Kylian Mbappé
100%
2023-24 90 PSG Neymar
81%
2019-20 80 Lille Nicolas Pépé
71%
2019-20 62 Lyon Tanguy Ndombélé
44%
2004-05 20 Auxerre Djibril Cissé
40%
2024-252023-24 40 RC Lens Abukodir KhusanovLoïs Openda
38%
2023-24 60 Rennes Jérémy Doku
37%
2024-25 18.50 Metz Georges Mikautadze
31%
2025-26 40 OGC Nice Jean-Clair Todibo
25%
2025-26 31.50 Strasbourg Habib Diarra
23%
2016-17 39 OM Michy Batshuayi
23%
2025-26 20 Nantes Nathan Zézé
23%
2019-20 25 Angers Jeff Reine-Adélaïde
21%
2023-242022-23 22.50 Lorient Terem MoffiDango Ouattara
21%
2021-22 15 Brest Romain Faivre
13%
2018-19 25 Toulouse Issa Diop
8%
2019-20 12 Le Havre Tino Kadewere
8%
2019-20 8 Paris FC Silas
0%
Aucun quiz correspondant
Distribution des résultats
% des personnes avec chaque résultat
Percentile par nombre de réponses
Votre historique - résultats
Vous n’avez pas pris ce quiz depuis la dernière actualisation